The Complete poems of Emily Dickinson

Compilación de poesía de la escritora Emily Dickinson, considerada una de las más importantes poetas estadounidenses. Es una edición crítica de los poemas completos que reúne los textos originales de los 1.775 poemas escritos por Dickinson. La mayoría de los poemas de Dickinson están llenos de felic...

Szczegółowa specyfikacja

Zapisane w:
Opis bibliograficzny
1. autor: Dickinson, Emily
Format: Książka
Język:Undetermined
Wydane: Boston, Estados Unidos Little, Brown and Company 1960
Hasła przedmiotowe:
Etykiety: Dodaj etykietę
Nie ma etykietki, Dołącz pierwszą etykiete!

MARC

LEADER 00000nam a2200000Ia 4500
008 170316s9999 xx 000 0 und d
040 |a cru BVZT 
090 |a 810 D-6c 
100 |a Dickinson, Emily  |9 784 
245 4 |a The Complete poems of Emily Dickinson  |c / Emily Dickinson 
260 |a Boston, Estados Unidos  |b Little, Brown and Company  |c 1960 
300 |a 770 páginas 
520 |a Compilación de poesía de la escritora Emily Dickinson, considerada una de las más importantes poetas estadounidenses. Es una edición crítica de los poemas completos que reúne los textos originales de los 1.775 poemas escritos por Dickinson. La mayoría de los poemas de Dickinson están llenos de felicidad, desesperación, vida, muerte, amor y naturaleza, pero la mayoría de las veces, la autora profundiza excesivamente en el aspecto oscuro de la vida: la mortalidad. 
650 |a LITERATURA ESTADOUNIDENSE  |9 25 
650 |a EN IDIOMA INGLÉS  |9 129 
650 |a POEMAS  |9 404 
999 |c 5552  |d 5552 
942 |c 15 D  |h 810 D-6c  |2 z